| 000 -LEADER |
| fixed length control field |
01301cam a2200325 a 4500 |
| 001 - CONTROL NUMBER |
| control field |
15510294 |
| 005 - DATE AND TIME OF LATEST TRANSACTION |
| control field |
20221230190959.0 |
| 008 - FIXED-LENGTH DATA ELEMENTS--GENERAL INFORMATION |
| fixed length control field |
081104s2010 dcua b 001 0 eng |
| 010 ## - LIBRARY OF CONGRESS CONTROL NUMBER |
| LC control number |
2008048428 |
| 020 ## - INTERNATIONAL STANDARD BOOK NUMBER |
| International Standard Book Number |
9781597265102 (cloth : alk. paper) |
| 020 ## - INTERNATIONAL STANDARD BOOK NUMBER |
| International Standard Book Number |
1597265101 (cloth : alk. paper) |
| 020 ## - INTERNATIONAL STANDARD BOOK NUMBER |
| International Standard Book Number |
9781597265119 (pbk. : alk. paper) |
| 020 ## - INTERNATIONAL STANDARD BOOK NUMBER |
| International Standard Book Number |
159726511X (pbk. : alk. paper) |
| 040 ## - CATALOGING SOURCE |
| Original cataloging agency |
DLC |
| Transcribing agency |
DLC |
| Modifying agency |
DLC |
| 050 00 - LIBRARY OF CONGRESS CALL NUMBER |
| Classification number |
QH75 |
| Item number |
.F68 2010 |
| 082 00 - DEWEY DECIMAL CLASSIFICATION NUMBER |
| Classification number |
577 |
| Edition number |
22 |
| 245 00 - TITLE STATEMENT |
| Title |
Foundations of ecological resilience / |
| Statement of responsibility, etc. |
edited by Lance H. Gunderson, Craig R. Allen, and C.S. Holling. |
| 260 ## - PUBLICATION, DISTRIBUTION, ETC. |
| Place of publication, distribution, etc. |
Washington : |
| Name of publisher, distributor, etc. |
Island Press, |
| Date of publication, distribution, etc. |
c2010. |
| 300 ## - PHYSICAL DESCRIPTION |
| Extent |
xxv, 466 p. : |
| Other physical details |
ill., maps ; |
| Dimensions |
23 cm. |
| 504 ## - BIBLIOGRAPHY, ETC. NOTE |
| Bibliography, etc. note |
Includes bibliographical references (p. 445-449) and index. |
| 650 #0 - SUBJECT ADDED ENTRY--TOPICAL TERM |
| Topical term or geographic name entry element |
Ecosystem management. |
| 650 #0 - SUBJECT ADDED ENTRY--TOPICAL TERM |
| Topical term or geographic name entry element |
Ecosystem health. |
| 650 #0 - SUBJECT ADDED ENTRY--TOPICAL TERM |
| Topical term or geographic name entry element |
Resilience (Ecology) |
| 700 1# - ADDED ENTRY--PERSONAL NAME |
| Personal name |
Gunderson, Lance H. |
| 700 1# - ADDED ENTRY--PERSONAL NAME |
| Personal name |
Allen, Craig R. |
| 700 1# - ADDED ENTRY--PERSONAL NAME |
| Personal name |
Holling, C. S. |
| 906 ## - LOCAL DATA ELEMENT F, LDF (RLIN) |
| a |
7 |
| b |
cbc |
| c |
orignew |
| d |
1 |
| e |
ecip |
| f |
20 |
| g |
y-gencatlg |
| 925 0# - |
| -- |
acquire |
| -- |
2 shelf copies |
| -- |
AK 2017-06-24 |
| -- |
claim1 2010-02-18 |
| 955 ## - COPY-LEVEL INFORMATION (RLIN) |
| -- |
xh12 2008-11-04 |
| -- |
xh14 2010-04-20 copy 1-2 to BCCD |